Pro file: professional file, architectural firms.

Bibliographic Details
New Title:American Institute of Architects. Pro file
Corporate Author: American Institute of Architects
Format: Serial
Language:English
Published: Philadelphia : Archimedia, inc.
Subjects:
Online Availability: Check for online availability

MARC

Tag First Indicator Second Indicator Subfields
LEADER 00000cas a2200000 a 4500
001 in00001531968
005 20151022050601.0
008 780622d1978198upauar1 r 0 a0eng d
010 |a sc 78002064  
019 |a 4238801 
022 0 |a 0190-8766 
035 |a (OCoLC)ocm03994359 
035 |a Ar  |b UCU 
040 |a MNU  |c MNU  |d UCU  |d YUS  |d DLC  |d NSD  |d OCL  |d NSD  |d NST  |d OCL  |d NST  |d DLC  |d NST  |d MUL  |d NST  |d WAU  |d NST  |d UtOrBLW 
042 |a lc  |a nsdp 
043 |a n-us--- 
049 |a TXAM 
090 |a NA53  |b .P76 
222 0 |a Pro file. Professional file, architectural firms 
245 0 0 |a Pro file: professional file, architectural firms. 
246 0 4 |a Pro file: architectural firms  |f 1978- 
264 1 |a Philadelphia :  |b Archimedia, inc. 
300 |a volumes ;  |c 32 cm. 
336 |a text  |b txt  |2 rdacontent 
337 |a unmediated  |b n  |2 rdamedia 
338 |a volume  |b nc  |2 rdacarrier 
362 1 |a Began with 1978. 
500 |a "The official AIA directory of architectural firms." 
650 0 |a Architectural firms  |z United States  |v Directories. 
710 2 |a American Institute of Architects. 
785 0 0 |a American Institute of Architects.  |t Pro file  |w (DLC) 85643622  |w (OCoLC)9505081 
850 |a AzTeS  |a AzU  |a CSf  |a CSt  |a CU-S  |a CaBVa  |a CaOLU  |a CaOTU  |a CaOWtU  |a CoU  |a CtW  |a FU  |a ICIU  |a IEN  |a INS  |a IaAS  |a KMK  |a KyU  |a MB  |a MH-SD  |a MdU  |a MiU  |a MoU  |a NBuU  |a NCH  |a NNC  |a NSyU  |a NcD  |a NcRS  |a NjP  |a OU  |a OrU  |a PPD  |a PPT  |a NcD  |a NmU  |a PSt  |a TU  |a TxArU  |a TxCM  |a UU  |a ViBlbV  |a VtU  |a WU  |a WyU 
936 |a 1978 
994 |a E0  |b TXA 
999 |a MARS 
999 f f |s 13d547ca-1d12-37b3-bf86-cc8ec08b0bae  |i c2e84f2d-bd3d-3c48-96e6-d1d02197d31a  |t 0 
952 f f |p normal  |a Texas A&M University  |b College Station  |c Sterling C. Evans Library  |d Evans: Library Stacks  |t 0  |e NA53 P76  |h Library of Congress classification  |i unmediated -- volume  |l 1980  |m A14807438382 
952 f f |p normal  |a Texas A&M University  |b College Station  |c Sterling C. Evans Library  |d Evans: Library Stacks  |t 0  |e NA53 P76  |h Library of Congress classification  |i unmediated -- volume  |l 1978  |m A14809689874 
998 f f |a NA53 P76  |s 1978,1980  |t 0  |l Evans: Library Stacks